000
00302 a2200145 4500
001
67873
082
_a
155.2 CFT
090
_c
38637
_d
38637
100
_a
CFT
245
_a
CBL-II
260
_a
Masoor
_b
PAF Press Masoor
_c
2005
300
_a
66p.
500
_a
CFT Precise
520
_a
CFT Precise
942
_a
NUST CAE
_k
155.2 CFT
999
_c
302946
_d
302946